书目信息 |
| 题名: |
战胜Photoshop6.0 必做练习 50 题(配盘)
|
|
| 作者: | 梁继永 编著 | |
| 分册: | ||
| 出版信息: | 北京 北京大学出版社 2001.11 |
|
| 页数: | 260页 | |
| 开本: | 26cm | |
| 丛书名: | ||
| 单 册: | ||
| 中图分类: | TP391.41-44 | |
| 科图分类: | ||
| 主题词: | 计算机应用 | |
| 电子资源: | ||
| ISBN: | 7-900636-71-4 | |
| 000 | 00625nam0 2200193 45 | |
| 001 | 0258881791 | |
| 005 | 2002051716212155 | |
| 010 | @a7-900636-71-4@dRMB 29.00 | |
| 100 | @a20020517d2001 km y0chiy0120 ea | |
| 101 | 0 | @achi |
| 102 | @aCN@b110000 | |
| 200 | 1 | @a战胜Photoshop6.0 必做练习 50 题(配盘)@AZhan Sheng Photoshop6.0 Bi Zuo Lian Xi 50 Ti(Pei Pan)@f梁继永等编著@FLiang Ji Yong Deng Bian Zhu |
| 210 | @a北京@c北京大学出版社@d2001.11 | |
| 215 | @a260页@d26cm | |
| 606 | 0 | @a计算机应用 |
| 690 | @aTP391.41-44@v3 | |
| 701 | 0 | @a梁继永@ALiang Ji Yong@4编著 |
| 801 | 0 | @aCN@bPFT@c20020517 |
| 905 | @a安徽大学@dTP391.41-44@eL404 | |
| 战胜Photoshop6.0 必做练习 50 题(配盘)/梁继永等编著.-北京:北京大学出版社,2001.11 |
| 260页;26cm |
| ISBN 7-900636-71-4:RMB 29.00 |
| ● |
| 相关链接 |
|
|
|
正题名:战胜Photoshop6.0 必做练习 50 题(配盘)
索取号:TP391.41-44/L404
 
预约/预借
| 序号 | 登录号 | 条形码 | 馆藏地/架位号 | 状态 | 备注 |
| 1 | 354539 | 203545397 | 期刊室512/301自科库 67排2列3层/ [索取号:TP391.41-44/L404] | 在馆 | |
| 2 | 354540 | 203545404 | 自科库301/301自科库 68排7列5层/ [索取号:TP391.41-44/L404] | 在馆 |